000 00682nam a2200205 i 4500
001 59472
003 ES-MaACL
005 20250814084551.0
007 t|
008 031029s1970 sp ||||1| spa d
100 1 _aEisenstein, Sergei M. (
_d1898-1948)
_946864
245 1 0 _aReflexiones de una cineasta /
_cSerguei Eisenstein ; prólogo, edición y notas Roman Gubern.
260 _a[S.l.] :
_bArtiach ;
_aBarcelona :
_bLumen,
_c[1970]
300 _a294 p., 16 lám. ;
_c21 cm.
650 0 7 _aCine
_2embne
_911010
700 1 _aGubern, Román,
_d1934-
_960377
852 _aES-MaACL
_jC-45629
_bR.73854
852 _aES-MaACL
_jC-48154
_bR.73808
999 _c59472
_d59472